000 01164nam a2200289 a 4500
001 BRCA_1688
005 20190320203517.0
008 890510s1988 mx-a---##b---#000-0#spa-#
020 _a9687009152
040 _aDLC
_cDLC
_dDLC
050 4 _aND239
_b.T68 1988
100 1 _aTovar de Teresa, Guillermo
_d1956-
_9559
245 1 0 _aUn rescate de la fantasía
_bel arte de los Lagarto, iluminadores novohispanos de los siglos XVI y XVII
_cGuillermo Tovar de Teresa.
260 _aMéxico
_bFomento Cultural Banamex
260 _aMadrid
_bTurner Libros
_cc1988
300 _a239 p., [2] p. de láminas
_bil. (algunas a color)
_c34 cm.
_e10 láminas sueltas
500 _aTítulo de lomo : El arte de los Lagarto
500 _aIncluye apéndice documental
504 _aBibliografía: p. 197-220
650 1 4 _aFamilia Lagarto
_zEspaña - México
_95280
650 1 4 _aIluminación de libros y manuscritos españoles
_zMéxico
_95281
650 1 4 _aIluminación de libros y manuscritos barrocos
_zMéxico
_95282
650 1 4 _aEscritura novohispana
_ySiglos XVI y XVII
_95283
700 1 _aLagarto, Luis
_db. 1556.
_95284
740 0 _aArte de los Lagarto
942 _2lcc
_cB
999 _c1481
_d1481